Podnikové kombinácie

Goodwill, negatívny goodwill, menšinový podiel. Akvizícia dcéry, ktorá je určená na ďalší predaj. Dcéry vykazujúce v cudzej mene. Ilustrácia: Mittal Steel. Niektoré technické otázky. Pripomienky na záver. Príklady.

Salvato in:
Dettagli Bibliografici
Autore principale: Černý, Michal R.
Altri autori: Cvečková, Mária, Demčáková, Iveta
Natura: Capitolo di libro
Lingua:slovacco
Soggetti:
Tags: Aggiungi Tag
Nessun Tag, puoi essere il primo ad aggiungerne!!

MARC

LEADER 00000naa$a2200000$$$4500
001 0059041
005 20231106093816.0
041 0 |a slo 
044 |a SK 
245 1 0 |a Podnikové kombinácie  |c Michal R. Černý, Mária Cvečková, Iveta Demčáková 
520 |a Goodwill, negatívny goodwill, menšinový podiel. Akvizícia dcéry, ktorá je určená na ďalší predaj. Dcéry vykazujúce v cudzej mene. Ilustrácia: Mittal Steel. Niektoré technické otázky. Pripomienky na záver. Príklady. 
610 2 0 |a kombinácie podnikové 
610 2 0 |a goodwill 
610 2 0 |a badwill 
610 2 0 |a akvizícia 
610 2 0 |a spoločnosti dcérske 
100 1 |a Černý, Michal R. 
700 1 |a Cvečková, Mária 
700 1 |a Demčáková, Iveta